|
|
|
|
| LEADER |
01332nam a2200349Ia 4500 |
| 001 |
EBC3050831 |
| 003 |
MiAaPQ |
| 005 |
20200520144314.0 |
| 006 |
m o d | |
| 007 |
cr cn||||||||| |
| 008 |
081028s2008 dcua sb i000 0 fre d |
| 020 |
|
|
|z 9780821376690
|
| 035 |
|
|
|a (MiAaPQ)EBC3050831
|
| 035 |
|
|
|a (Au-PeEL)EBL3050831
|
| 035 |
|
|
|a (CaPaEBR)ebr10252477
|
| 035 |
|
|
|a (CaONFJC)MIL178749
|
| 035 |
|
|
|a (OCoLC)821622263
|
| 040 |
|
|
|a MiAaPQ
|c MiAaPQ
|d MiAaPQ
|
| 050 |
|
4 |
|a HC820
|b .I584 2008
|
| 245 |
0 |
0 |
|a Integration mondiale de la Tunisie
|h [electronic resource] :
|b une nouvelle generation de reformes pour booster la croissance et l'emploi.
|
| 260 |
|
|
|a Washington, D.C. :
|b Banque mondiale,
|c 2008.
|
| 300 |
|
|
|a viii, 159 p. :
|b ill.
|
| 490 |
1 |
|
|a World Bank country study
|
| 504 |
|
|
|a Includes bibliographical references.
|
| 533 |
|
|
|a Electronic reproduction. Ann Arbor, MI : ProQuest, 2015. Available via World Wide Web. Access may be limited to ProQuest affiliated libraries.
|
| 610 |
2 |
0 |
|a World Bank
|x Economic integration.
|
| 650 |
|
0 |
|a Globalization.
|
| 651 |
|
0 |
|a Tunisia
|x Economic conditions.
|
| 655 |
|
4 |
|a Electronic books.
|
| 710 |
2 |
|
|a ProQuest (Firm)
|
| 830 |
|
0 |
|a World Bank country study.
|
| 856 |
4 |
0 |
|u https://ebookcentral.proquest.com/lib/matrademy/detail.action?docID=3050831
|z Click to View
|